Chekhov, Stendhal, and other essays /

Bibliographic Details
Main Author: Ėrenburg, Ilʹi︠a︡, 1891-1967
Format: Book
Language:English
Russian
Published: New York : Knopf, 1963.
Edition:1st Borzoi ed.].
Subjects:

MARC

Tag First Indicator Second Indicator Subfields
LEADER 00000cam a22000001 4500
001 in00000026486
005 20151007062536.0
008 731002s1963 nyu 00000 eng
010 |a  63009142  
035 |a (OCoLC)00327483 
035 |9 AAD5165AM 
040 |a DLC  |c DLC  |d TXA  |d UtOrBLW 
041 1 |a eng  |a rus 
049 |a TXAM  |c 1 [365461]  |c 2 [361097] 
050 0 0 |a PN517  |b .E4 
082 0 |a 809 
092 |a 809  |b E33c 
100 1 |a Ėrenburg, Ilʹi︠a︡,  |d 1891-1967. 
245 1 0 |a Chekhov, Stendhal, and other essays /  |c [Selected and with an introd. by Harrison E. Salisbury. Translated from the Russian by Anna Bostock, Yvonne Kapp, and Tatiana Shebunina. 
250 |a 1st Borzoi ed.]. 
264 1 |a New York :  |b Knopf,  |c 1963. 
300 |a 290 pages ;  |c 22 cm. 
336 |a text  |b txt  |2 rdacontent 
337 |a unmediated  |b n  |2 rdamedia 
338 |a volume  |b nc  |2 rdacarrier 
500 |a "The first six essays ... [were] published under the same title in London by MacGibbon & Kee, ltd. The five additional essays ... appear here in English for the first time." 
650 0 |a Literature  |x History and criticism. 
651 0 |a France  |x Intellectual life. 
999 |a MARS 
999 f f |s d03be39d-9fca-3931-ae78-30e05e77719f  |i 0355aaea-90bb-303b-b756-f1d75dc81bbd  |t 0 
952 f f |p ric  |a Texas A&M University  |b Rellis Campus  |c Joint Library Facility  |s JLF  |d Remote Storage  |t 0  |e PN517 E4  |h Library of Congress classification  |i unmediated -- volume  |m A14801204840 
998 f f |a PN517 E4  |t 0  |l Remote Storage